000 00626cam a22001577a 4500
008 180718b2015 xxu||||| |||| 00| 0 eng d
020 _a9780128018903
082 _aT31x73 Sh13
100 _aShah, Rajiv, Gao, Zhijie and Mittal, Harini
245 _aInnovation, enterpreneurship, and the economy in the US, China , and India : historical perspectives and future trends
_cby Rajiv Shah , Zhijie Gao and Harini Mittal
260 _aNew York
_bAmasterdam
_c2015
300 _a390p.
650 _aFree enterprise -- United States
650 _aEntrepreneurship -- United States
650 _aBusiness enterprises -- United States
999 _c445642
_d445642